|
|
|
|
| LEADER |
00687nab a2200217 i 4500 |
| 001 |
acta8251 |
| 005 |
20250618132543.0 |
| 008 |
161015s1989 hu o 000 hun d |
| 022 |
|
|
|a 0237-4951
|
| 040 |
|
|
|a SZTE Egyetemi Kiadványok Repozitórium
|b hun
|
| 041 |
|
|
|a hun
|
| 100 |
1 |
|
|a Broch Hermann
|
| 245 |
1 |
0 |
|a Egy széteső világ logikája
|h [elektronikus dokumentum] /
|c Broch Hermann
|
| 260 |
|
|
|c 1989
|
| 300 |
|
|
|a 5-18
|
| 490 |
0 |
|
|a Harmadkor
|
| 650 |
|
4 |
|a Bölcsészettudományok
|
| 650 |
|
4 |
|a Filozófia, etika és vallástudományok
|
| 695 |
|
|
|a Filozófia
|
| 700 |
0 |
1 |
|a Hertvich Ágnes
|
| 856 |
4 |
0 |
|u http://acta.bibl.u-szeged.hu/8251/1/harmadkor_010_mell_005-018.pdf
|z Dokumentum-elérés
|